Optoelectronics : (Record no. 188274)
[ view plain ]
| 000 -LEADER | |
|---|---|
| fixed length control field | 01115 a2200217 4500 |
| 003 - CONTROL NUMBER IDENTIFIER | |
| control field | Nust |
| 005 - DATE AND TIME OF LATEST TRANSACTION | |
| control field | 20221123113141.0 |
| 010 ## - LIBRARY OF CONGRESS CONTROL NUMBER | |
| LC control number | 92234408 |
| 020 ## - INTERNATIONAL STANDARD BOOK NUMBER | |
| International Standard Book Number | 00711472276 |
| 040 ## - CATALOGING SOURCE | |
| Transcribing agency | Nust |
| 082 00 - DEWEY DECIMAL CLASSIFICATION NUMBER | |
| Classification number | 621.381045,SIN |
| 100 1# - MAIN ENTRY--PERSONAL NAME | |
| Personal name | Singh, Jasprit |
| 9 (RLIN) | 73418 |
| 245 10 - TITLE STATEMENT | |
| Title | Optoelectronics : |
| Remainder of title | an introduction to materials and devices / |
| Statement of responsibility, etc. | Jasprit Singh |
| 260 ## - PUBLICATION, DISTRIBUTION, ETC. | |
| Place of publication, distribution, etc. | New York |
| -- | McGraw Hill |
| Date of publication, distribution, etc. | 1996 |
| 300 ## - PHYSICAL DESCRIPTION | |
| Extent | , 537 p. : |
| Other physical details | ill. ; |
| Dimensions | 24 cm. |
| 505 ## - FORMATTED CONTENTS NOTE | |
| Formatted contents note | Materials for Optoelectronics Structural Properties (Page-1), Light Propagations Media (Page-41), Light Propagation in Waveguides(Page-78), Electronic Properties of Semiconductors (Page-131), Transport and Optical Properties of Semiconductors (Page-177), Light Detection and Imaging (Page-236), The Light Emitting Diode (Page-394), The Laser Diode (Page-338), Modulation and Display Deices (Page-388), Optical Communication Systems Device Needs (Page-438), Fabrication and Processing of Devices (Page-468). |
| 650 #0 - SUBJECT ADDED ENTRY--TOPICAL TERM | |
| Topical term or geographic name entry element | Electrooptical devices. |
| 9 (RLIN) | 41523 |
| 650 #0 - SUBJECT ADDED ENTRY--TOPICAL TERM | |
| Topical term or geographic name entry element | Optoelectronics. |
| 9 (RLIN) | 55912 |
| 650 #0 - SUBJECT ADDED ENTRY--TOPICAL TERM | |
| Topical term or geographic name entry element | Telecommunication Engineering |
| 942 ## - ADDED ENTRY ELEMENTS (KOHA) | |
| Source of classification or shelving scheme | |
| Koha item type | Book |
| Withdrawn status | Lost status | Source of classification or shelving scheme | Damaged status | Not for loan | Permanent Location | Current Location | Shelving location | Date acquired | Full call number | Barcode | Date last seen | Price effective from | Koha item type | Public note |
|---|---|---|---|---|---|---|---|---|---|---|---|---|---|---|
| Military College of Signals (MCS) | Military College of Signals (MCS) | General Stacks | 12/12/2016 | 621.381045,SIN | MCS23042 | 12/08/2016 | 12/12/2016 | Book | Almirah No.32, Shelf No.1 |
